[Event "Nairobi op"]
[Site "Nairobi"]
[Date "2023.04.06"]
[Round "1"]
[White "Adam Omenda, Gakahu"]
[Black "Adorwa Kadenge, Brian"]
[Result "0-1"]
[WhiteElo "1407"]
[BlackElo "1760"]
[PlyCount "44"]
[EventDate "2023.04.06"]
[EventType "swiss"]
[EventRounds "9"]
[EventCountry "KEN"]
[SourceTitle "EXT 2024"]
[Source "ChessBase"]
[SourceDate "2023.10.10"]
[SourceVersion "1"]
[SourceVersionDate "2023.10.10"]
[SourceQuality "1"]

1. d4 d5 2. c4 e6 3. Nc3 Nf6 4. Bg5 Be7 5. Nf3 h6 6. Bxf6 Bxf6 7. e3 c6 8. Qc2 0-0 9. Bd3 g6 10. 0-0-0 dxc4 11. Bxc4 b5 12. Bd3 Na6 13. Ne5 Nb4 14. Qb1 Nxd3+ 15. Qxd3 Qc7 16. f4 a5 17. Ne4 Bg7 18. h4 f5 19. Nc5 Kh7 20. h5 g5 21. g3 gxf4 22. gxf4 Rd8 0-1